| 000 | 01069nam a22002537i 4500 | ||
|---|---|---|---|
| 001 | 179340 | ||
| 003 | ES-MaACL | ||
| 005 | 20240126063025.0 | ||
| 008 | 111107s1945 sp | |||| ||spa d | ||
| 040 |
_aSpMaBN _bspa _cSpMaBN _erdc |
||
| 080 | 0 | _a821.133.1-14"18" | |
| 100 | 1 |
_aProust, Marcel, _d1871-1922 _994056 |
|
| 245 | 1 | 0 |
_aRetratos de pintores y de músicos / _cMarcel Proust. |
| 260 |
_aMadrid : _b[Consejo Superior de Investigaciones Científicas], _c1945. |
||
| 300 |
_a31 p. ; _c21 cm. |
||
| 490 | 1 |
_aAntología de la literatura contemporánea ; _v2 |
|
| 490 | 1 | _aSuplemento segundo de Cuadernos de literatura contemporánea del Consejo Superior de Investigaciones Científicas | |
| 594 | _aTexto original y traducción al español. | ||
| 830 | 0 |
_aAntología de la literatura contemporánea ; _v2 _9224445 |
|
| 830 | 0 |
_aSuplemento segundo de Cuadernos de literatura contemporánea del Consejo Superior de Investigaciones Científicas _9224448 |
|
| 852 |
_aES-MaACL _jE-3513 |
||
| 999 |
_c179340 _d179340 |
||